000 01272nam a2200349Ia 4500
001 ebr10296364
003 CaPaEBR
006 m u
007 cr cn|||||||||
008 080111s2008 inua s 001 0 eng d
010 _z 2008922653
020 _z9780470180433 (pbk. : alk. paper)
020 _z0470180439 (pbk. : alk. paper)
040 _aCaPaEBR
_cCaPaEBR
035 _a(OCoLC)608623854
050 1 4 _aQA76.76.O63
_bT585 2008eb
100 1 _aTittel, Ed.
245 1 0 _aWindows server 2008 for dummies
_h[electronic resource] /
_cby Ed Tittel, Justin Korelc.
250 _a1st ed.
260 _aIndianapolis, IN :
_bWiley,
_cc2008.
300 _axviii, 412 p. :
_bill.
490 1 _a--For dummies
500 _aIncludes index.
533 _aElectronic reproduction.
_bPalo Alto, Calif. :
_cebrary,
_d2011.
_nAvailable via World Wide Web.
_nAccess may be limited to ebrary affiliated libraries.
630 0 0 _aMicrosoft Windows server.
650 0 _aOperating systems (Computers)
655 7 _aElectronic books.
_2local
700 1 _aKorelc, Justin.
710 2 _aebrary, Inc.
830 0 _a--For dummies.
856 4 0 _uhttp://site.ebrary.com/lib/rucke/Doc?id=10296364
_zAn electronic book accessible through the World Wide Web; click to view
999 _c77317
_d77317